000 00561nam a2200217 a 4500
001 BRCA_6560
005 20190320205514.0
008 300911s1903----gw-#######---#000-0#ger-#
041 _ager
044 _agw
050 4 _aPT4848
_b.R4 1903
100 1 _aReuter, Fritz
_d1810-1874
_915434
245 1 0 _aSämmtliche werke
_cFritz Reuter.
260 _aWismar, Alemania
_bH. Hofbuchhandlung
_c1903
300 _a8 v.
_c18 cm.
500 _aLa biblioteca no cuenta con el v. 1
500 _aL103
650 1 4 _aPlantas
_916368
902 _aGFM
942 _2lcc
_cB
999 _c6244
_d6244